skbl

Dr Suryya Kumar Bhuyan Library Web-OPAC
ডঃ সূৰ্য্য
কুমাৰ ভূঞা পুথিভঁৰাল ৱেব-অ'পেক

All Research Scholars are advised to clear the annual library fees to continue using Library Resources, Remote Access, Plagiarism Test and Library Clearance.

Cotton University Book Fair 2026

Bhakti Ratnawali (Record no. 64655)

MARC details
000 -LEADER
fixed length control field 00511nam a2200181Ia 4500
001 - CONTROL NUMBER
control field 63553
008 - FIXED-LENGTH DATA ELEMENTS--GENERAL INFORMATION
fixed length control field 190807n ii |||gr||||Z||||||asm
082 ## - DEWEY DECIMAL CLASSIFICATION NUMBER
Classification number 891.131
100 ## - MAIN ENTRY--PERSONAL NAME
Personal name Madhabdev,
Relator term Author.
245 #0 - TITLE STATEMENT
Title Bhakti Ratnawali
Statement of responsibility, etc. by Madhabdev
Medium Textual Documents
250 ## - EDITION STATEMENT
Edition statement 1st ed.
260 ## - PUBLICATION, DISTRIBUTION, ETC.
Place of publication, distribution, etc. Kok:
Name of publisher, distributor, etc. Ashok Kumar Mahanta.,
Date of publication, distribution, etc. 2014.
300 ## - PHYSICAL DESCRIPTION
Extent 128p:
Dimensions 21cm.
653 ## - INDEX TERM--UNCONTROLLED
Uncontrolled term Assamese
653 ## - INDEX TERM--UNCONTROLLED
Uncontrolled term Bhakti Ratnawali, Bhakti ratnawali Gadyarup, Assamese literature
653 ## - INDEX TERM--UNCONTROLLED
Uncontrolled term G-Assamese
942 ## - ADDED ENTRY ELEMENTS (KOHA)
Source of classification or shelving scheme Dewey Decimal Classification
Koha item type Books
Holdings
Withdrawn status Lost status Damaged status Not for loan Collection Home library Current library Shelving location Date acquired Total checkouts Full call number Barcode Date last seen Copy number Price effective from Koha item type
          Dr. Suryya Kumar Bhuyan Library Dr. Suryya Kumar Bhuyan Library   01/08/2019   891.411 Ma 264 Bh 5069/Gift 14/01/2024 1 01/08/2019 Books
          Dr. Suryya Kumar Bhuyan Library Dr. Suryya Kumar Bhuyan Library   01/08/2019   891.411 Ma 264 Bh 5068/Gift 14/01/2024 2 01/08/2019 Books

Designed and Maintained by Team SKBL
©1901-2026

Powered by Koha